Culture Générale - Série 1760 - Statistiques

Statistiques générales
  • Ce quiz a été pris 258 fois
  • Le résultat moyen est 4 sur 10
Statistiques - réponses
Question Réponse % Correct
Quel animal d'Australie se nourrit principalement de feuilles d'eucalyptus ? koala
95%
Qui a réalisé le film "Mon oncle" en 1958 ? Jacques Tati
57%
Quelle est la capitale du Montenegro ? Podgorica
50%
De quelqu'un de borné, on dit qu'il a des .... oeillères
48%
Dans la mythologie grecque, comment s'appelait le père de Thésée ? Egée
29%
Dans quelle ville des Bouches-du-Rhône se trouve la base des avions de chasse "Mirages" ? Istres
21%
Dans quel pays se trouve la ville portuaire d'Ube ? Japon
19%
Qu'est-ce qu'un prao ? bateau
16%
Quel nom donne-t-on à une habitation traditionnelle en Polynésie, semblable à une hutte ou case ? fare
11%
En Belgique, quel mot de 4 lettres désigne un appartement studio ? flat
10%
Aucun quiz correspondant
Distribution des résultats
% des personnes avec chaque résultat
Percentile par nombre de réponses
Votre historique - résultats
Vous n’avez pas pris ce quiz